[Event "4NCL Division Two"]
[Site "Daventry, ENG"]
[Date "2022.10.22"]
[Round "1.45"]
[White "Waldhausen Gordon, Frederick"]
[Black "Alizada, Eldar"]
[Result "1/2-1/2"]
[WhiteElo "2167"]
[BlackElo "2076"]
[PlyCount "98"]
[EventDate "2022.10.22"]
[WhiteTeam "Alba"]
[BlackTeam "SchachAttack"]

1. e4 e6 2. Nf3 d5 3. Nc3 dxe4 4. Nxe4 Nd7 5. d4 Ngf6 6. Nxf6+ Nxf6 7. Bd3 Be7 8. O-O O-O 9. Qe2 b6 10. Bf4 Bb7 11. c3 c5 12. dxc5 bxc5 13. Rad1 Qb6 14. Ne5 Rfd8 15. Rfe1 a5 16. Bc4 Bd5 17. Bg5 Bxc4 18. Nxc4 Qa6 19. a4 h6 20. Bxf6 Bxf6 21. h3 Rd5 22. Qe4 Rad8 23. Ne3 Rd2 24. Rxd2 Rxd2 25. Nc4 Rd5 26. Re3 Rd1+ 27. Kh2 Bd8 28. Rd3 Bc7+ 29. g3 Rxd3 30. Qxd3 Qc6 31. b3 Qd5 32. Qxd5 exd5 33. Ne3 d4 34. cxd4 cxd4 35. Nc4 f5 36. Kg2 Kf7 37. Kf3 Ke6 38. Ke2 Kd5 39. Kd3 g5 40. Na3 Kc5 41. Nc2 Be5 42. g4 fxg4 43. hxg4 Bf6 44. Ke4 Bg7 45. f3 Bf6 46. Kd3 Be5 47. Ke4 Bg7 48. Kd3 Be5 49. Ke4 Bg7 1/2-1/2

[Event "4NCL Division Two"]
[Site "Daventry, ENG"]
[Date "2022.10.22"]
[Round "1.46"]
[White "Burrows, Nick"]
[Black "White, Stuart A"]
[Result "0-1"]
[WhiteElo "2029"]
[BlackElo "2012"]
[PlyCount "122"]
[EventDate "2022.10.22"]
[WhiteTeam "SchachAttack"]
[BlackTeam "Alba"]

1. d4 Nf6 2. Nf3 d5 3. Bf4 c5 4. e3 Nc6 5. c3 Qb6 6. Qc2 g6 7. Nbd2 Bf5 8. Qb3 c4 9. Qxb6 axb6 10. a3 b5 11. Rc1 Nh5 12. Bc7 Kd7 13. Bg3 Nxg3 14. hxg3 Bg7 15. Nh4 Be6 16. Be2 g5 17. Nhf3 h6 18. O-O Bf5 19. Rfe1 Bg6 20. g4 f6 21. Bf1 h5 22. gxh5 Rxh5 23. g4 Rhh8 24. e4 e6 25. Bg2 Ne7 26. Nh2 Bf7 27. Re2 Ng6 28. exd5 exd5 29. Rce1 Bf8 30. Nhf1 Nf4 31. Re3 Nd3 32. Rb1 Bd6 33. Ng3 Bf4 34. Re2 Rae8 35. Ndf1 Rxe2 36. Nxe2 Re8 37. Nfg3 Bg6 38. Nxf4 Nxf4 39. Nf5 Bxf5 40. gxf5 Kc6 41. Bf3 Nd3 42. Kf1 Rh8 43. b3 g4 44. Bg2 Rh5 45. a4 Rxf5 46. Kg1 cxb3 47. axb5+ Kxb5 48. Rxb3+ Kc4 49. Rxb7 Kxc3 50. Ra7 Nxf2 51. Ra4 Ne4 52. Bxe4 dxe4 53. d5 Rxd5 54. Rxe4 f5 55. Rf4 Kd3 56. Kf2 Re5 57. Ra4 Re4 58. Ra3+ Kd4 59. Ra4+ Ke5 60. Ra5+ Kf4 61. Ra3 Rb4 0-1

[Event "4NCL Division Two"]
[Site "Daventry, ENG"]
[Date "2022.10.22"]
[Round "1.47"]
[White "Roy, Ali"]
[Black "Moyse, Nigel John"]
[Result "1/2-1/2"]
[WhiteElo "1913"]
[BlackElo "2039"]
[PlyCount "141"]
[EventDate "2022.10.22"]
[WhiteTeam "Alba"]
[BlackTeam "SchachAttack"]

1. Nf3 Nf6 2. g3 g6 3. Bg2 Bg7 4. O-O O-O 5. d3 d5 6. Nbd2 Re8 7. e4 e5 8. Qe2 Nc6 9. a4 a5 10. exd5 Nxd5 11. Nc4 Bg4 12. Be3 Nf4 13. Bxf4 Nd4 14. Qd1 exf4 15. c3 Nc6 16. Qd2 Bh6 17. Rfe1 Qf6 18. d4 fxg3 19. Qxh6 Bxf3 20. hxg3 Bxg2 21. Kxg2 Nxd4 22. Ne3 Nf3 23. Red1 c6 24. Rd7 Ne5 25. Rxb7 Qf3+ 26. Kg1 Nd3 27. Rf1 Re5 28. Qh1 Qxh1+ 29. Kxh1 f5 30. Kg2 Nc5 31. Rc7 Nxa4 32. Rh1 h5 33. Rxc6 Kf7 34. b3 Rc5 35. Rxc5 Nxc5 36. b4 axb4 37. cxb4 Nd3 38. Rd1 Nxb4 39. Rd6 Ra6 40. Rd4 Nc6 41. Rd6 Nb4 42. Rd4 Rb6 43. Nc4 Re6 44. Nd6+ Kf6 45. Rxb4 Rxd6 46. Kf3 Re6 47. Ra4 g5 48. Rb4 Ra6 49. Rc4 Kg6 50. Rb4 h4 51. gxh4 Ra3+ 52. Kg2 g4 53. Rb6+ Kh5 54. Rb8 Kxh4 55. Rh8+ Kg5 56. Rg8+ Kf4 57. Rb8 Ra4 58. Rb3 Ra5 59. Rb4+ Kg5 60. Rb8 f4 61. Rg8+ Kh4 62. Rh8+ Rh5 63. Rg8 Rh7 64. Rg6 Kh5 65. Rg8 Rh6 66. Ra8 Rf6 67. Rh8+ Kg5 68. Rg8+ Rg6 69. Ra8 Rf6 70. Rg8+ Kf5 71. Ra8 1/2-1/2

[Event "4NCL Division Two"]
[Site "Daventry, ENG"]
[Date "2022.10.22"]
[Round "1.51"]
[White "Grant, David J"]
[Black "Jackson, James P"]
[Result "1/2-1/2"]
[WhiteElo "2202"]
[BlackElo "2408"]
[PlyCount "97"]
[EventDate "2022.10.22"]
[WhiteTeam "Sussex Martlets 1"]
[BlackTeam "The Rookies"]

1. e4 e5 2. Nf3 Nc6 3. Bc4 Nf6 4. d4 exd4 5. e5 d5 6. Bb5 Ne4 7. Nxd4 Bc5 8. Be3 O-O 9. Nxc6 bxc6 10. Bxc5 Nxc5 11. Bxc6 Rb8 12. Qxd5 Qe7 13. O-O Rxb2 14. Nc3 Rd8 15. Qf3 Ne6 16. Ba4 Bb7 17. Qe3 Rb4 18. Rad1 Rbd4 19. Bb3 c5 20. Rfe1 h6 21. Rb1 Bc6 22. f3 c4 23. Ba4 Bxa4 24. Nxa4 Rd2 25. Re2 Qg5 26. Qxg5 hxg5 27. Rxd2 Rxd2 28. Rb2 Nf4 29. g3 Ne2+ 30. Kf1 c3 31. Rb8+ Kh7 32. Rb7 Kg6 33. Rxa7 Rxc2 34. Rc7 Nd4 35. Rxc3 Rxa2 36. Nc5 Kf5 37. Re3 Rc2 38. Nd3 Rxh2 39. g4+ Ke6 40. Nc5+ Kd5 41. Ne4 Kxe5 42. Nxg5+ Kf4 43. Re4+ Kxg5 44. Rxd4 f6 45. Rd7 Kf4 46. Rxg7 Kxf3 47. Ke1 Re2+ 48. Kd1 Re4 49. g5 1/2-1/2

[Event "4NCL Division Two"]
[Site "Daventry, ENG"]
[Date "2022.10.22"]
[Round "1.52"]
[White "Jones, Christopher M"]
[Black "Willson, Ollie"]
[Result "1/2-1/2"]
[WhiteElo "2137"]
[BlackElo "2118"]
[PlyCount "41"]
[EventDate "2022.10.22"]
[WhiteTeam "The Rookies"]
[BlackTeam "Sussex Martlets 1"]

1. e4 e5 2. Nf3 Nc6 3. Nc3 Nf6 4. d4 exd4 5. Nxd4 Bb4 6. Nxc6 bxc6 7. Bd3 d5 8. exd5 O-O 9. O-O cxd5 10. Bg5 c6 11. Qf3 h6 12. Bxf6 Qxf6 13. Qxf6 gxf6 14. Ne2 Bd6 15. Ng3 Rb8 16. Rab1 c5 17. c4 dxc4 18. Bxc4 Bxg3 19. fxg3 Be6 20. b3 Bxc4 21. bxc4 1/2-1/2

[Event "4NCL Division Two"]
[Site "Daventry, ENG"]
[Date "2022.10.22"]
[Round "1.53"]
[White "Payne, Matthew J"]
[Black "Okhai, Shabir"]
[Result "0-1"]
[WhiteElo "2211"]
[BlackElo "2134"]
[PlyCount "66"]
[EventDate "2022.10.22"]
[WhiteTeam "Sussex Martlets 1"]
[BlackTeam "The Rookies"]

1. e4 e5 2. Nf3 Nc6 3. d4 exd4 4. Bc4 Nf6 5. e5 d5 6. Bb5 Ne4 7. Nxd4 Bd7 8. Bxc6 bxc6 9. O-O Bc5 10. f3 Ng5 11. f4 Ne4 12. Be3 Bb6 13. Nc3 Nxc3 14. bxc3 O-O 15. Qd2 Qe7 16. Rae1 Rfe8 17. Nb3 Bf5 18. a4 a5 19. Qf2 Rab8 20. Bd4 Qa3 21. Bxb6 Rxb6 22. Nd4 Be4 23. Qg3 c5 24. Rxe4 dxe4 25. Nf5 Rg6 26. Qh4 c4 27. Rd1 h6 28. Qe1 Qxa4 29. Qxe4 Qc6 30. Rd5 a4 31. Ne3 a3 32. Qxc4 Qxc4 33. Nxc4 Ra8 0-1

[Event "4NCL Division Two"]
[Site "Daventry, ENG"]
[Date "2022.10.22"]
[Round "1.54"]
[White "Burrows, Martin P"]
[Black "Graham, David B"]
[Result "1/2-1/2"]
[WhiteElo "2092"]
[BlackElo "2204"]
[PlyCount "123"]
[EventDate "2022.10.22"]
[WhiteTeam "The Rookies"]
[BlackTeam "Sussex Martlets 1"]

1. e4 e5 2. Nf3 Nc6 3. Bb5 a6 4. Ba4 Nf6 5. O-O Nxe4 6. d4 b5 7. Bb3 d5 8. dxe5 Be6 9. Nbd2 Nc5 10. c3 Be7 11. Bc2 d4 12. Ne4 d3 13. Nxc5 dxc2 14. Qxd8+ Rxd8 15. Nxe6 fxe6 16. Be3 Rd5 17. Rfc1 Nxe5 18. Nxe5 Rxe5 19. Bd4 Rg5 20. Rxc2 Kf7 21. Be3 Rd5 22. c4 bxc4 23. Rxc4 Bd6 24. b3 Rb8 25. Rac1 a5 26. g3 Rb4 27. Kg2 Ke7 28. h4 h5 29. Kf3 Rf5+ 30. Ke2 Re5 31. Kd3 Rd5+ 32. Kc2 Kd7 33. Bd2 Rxc4+ 34. bxc4 Rd4 35. Bxa5 Rxc4+ 36. Bc3 g6 37. Kb3 Rc6 38. a4 Kc8 39. a5 Kb7 40. Re1 Bc5 41. Re2 Ka6 42. f3 Be7 43. Re4 g5 44. hxg5 Bxg5 45. g4 hxg4 46. fxg4 e5 47. Re1 Re6 48. Kc4 Bf4 49. Kd5 Rd6+ 50. Ke4 Bd2 51. Bxd2 Rxd2 52. Rg1 Kxa5 53. g5 Rd8 54. g6 c5 55. g7 Rg8 56. Kd5 Kb4 57. Rb1+ Kc3 58. Rb7 Kd3 59. Kxe5 c4 60. Rd7+ Ke3 61. Rc7 Kd3 62. Rd7+ 1/2-1/2

[Event "4NCL Division Two"]
[Site "Daventry, ENG"]
[Date "2022.10.22"]
[Round "1.55"]
[White "Bucher, Grant W"]
[Black "Compton, Alistair"]
[Result "1/2-1/2"]
[WhiteElo "2128"]
[BlackElo "2040"]
[PlyCount "226"]
[EventDate "2022.10.22"]
[WhiteTeam "Sussex Martlets 1"]
[BlackTeam "The Rookies"]

1. e4 e6 2. d4 d5 3. Bd3 c5 4. exd5 exd5 5. Nf3 c4 6. Be2 Nf6 7. O-O Nc6 8. b3 cxb3 9. axb3 Bd6 10. c4 O-O 11. Bg5 Be7 12. Nc3 Be6 13. Ne5 Nxe5 14. dxe5 Ne4 15. Bxe7 Qxe7 16. Nxd5 Bxd5 17. Qxd5 Nc3 18. Qd3 Qxe5 19. Bf3 Rad8 20. Qc2 b5 21. Rfc1 b4 22. Rxa7 Rfe8 23. h3 Qf4 24. Rf1 Rd2 25. Qc1 Qd4 26. Rb7 g6 27. Qa1 Ra2 28. Qc1 Kg7 29. Kh2 h6 30. Re1 Ne2 31. Bxe2 Rexe2 32. Rxe2 Rxe2 33. Qf1 Rxf2 34. Qe1 Rd2 35. Re7 Rd1 36. Qe5+ Qxe5+ 37. Rxe5 Rd3 38. c5 Rxb3 39. c6 Rc3 40. Rb5 Rxc6 41. Rxb4 Rc3 42. h4 h5 43. g3 Re3 44. Kg2 Kf6 45. Kf2 Re5 46. Kf3 Kf5 47. Rb7 Ke6 48. Kf4 Rf5+ 49. Ke4 Ra5 50. Rb6+ Ke7 51. Rb7+ Kf6 52. Rb6+ Kg7 53. Kf4 Ra4+ 54. Kf3 Ra1 55. Rc6 Rf1+ 56. Ke3 Rf6 57. Rc5 Re6+ 58. Kf4 Kf6 59. Ra5 Rb6 60. Ra4 Ke6 61. Ra5 Rb4+ 62. Kf3 Rd4 63. Ra7 f6 64. Ra5 Rd5 65. Ra4 Re5 66. Rb4 g5 67. hxg5 fxg5 68. Rb8 g4+ 69. Kf2 Kf5 70. Rb4 Ra5 71. Rb8 Ke4 72. Re8+ Re5 73. Ra8 Rf5+ 74. Kg2 Rd5 75. Re8+ Kd3 76. Kf2 Kd2 77. Re7 Rf5+ 78. Kg2 Kd3 79. Re8 Kd4 80. Rd8+ Rd5 81. Ra8 Ke4 82. Re8+ Re5 83. Ra8 Kd3 84. Ra3+ Ke4 85. Ra8 Rc5 86. Re8+ Kd3 87. Rd8+ Kc4 88. Kf2 Rd5 89. Rc8+ Kd3 90. Re8 Rf5+ 91. Kg2 Ra5 92. Rd8+ Ke4 93. Re8+ Kf5 94. Rf8+ Ke6 95. Re8+ Kf7 96. Re2 Kf6 97. Kf2 Kg5 98. Kg2 h4 99. gxh4+ Kxh4 100. Rb2 Ra3 101. Rc2 Rg3+ 102. Kh2 Re3 103. Kg2 Kg5 104. Rc5+ Kf4 105. Rc4+ Re4 106. Rxe4+ Kxe4 107. Kg3 Kf5 108. Kg2 Kf4 109. Kf2 g3+ 110. Kg2 Kg4 111. Kg1 Kf3 112. Kf1 g2+ 113. Kg1 Kg3 1/2-1/2

[Event "4NCL Division Two"]
[Site "Daventry, ENG"]
[Date "2022.10.22"]
[Round "1.56"]
[White "Gibson, Christopher A"]
[Black "Brewer, Callum D"]
[Result "1/2-1/2"]
[WhiteElo "1851"]
[BlackElo "2156"]
[PlyCount "142"]
[EventDate "2022.10.22"]
[WhiteTeam "The Rookies"]
[BlackTeam "Sussex Martlets 1"]

1. e4 c6 2. d4 d5 3. exd5 cxd5 4. c4 Nf6 5. Nc3 Nc6 6. Bg5 e6 7. Nf3 Be7 8. Bd3
dxc4 9. Bxc4 O-O 10. O-O h6 11. Be3 b6 12. a3 Bb7 13. Qd3 Na5 14. Ba2 Bxf3 15.
gxf3 Qd7 16. Rad1 Nb7 17. Bb1 Nd6 18. d5 e5 19. Kh1 Qh3 20. Bc1 Rfd8 21. Rg1
Kh8 22. Rg3 Qh4 23. Re1 Nde8 24. Rxe5 Bd6 25. f4 Rac8 26. Re1 Bxf4 27. Rh3 Qg5
28. Bxf4 Qxf4 29. Rf3 Qh4 30. Re7 Kg8 31. d6 Qc4 32. Qxc4 Rxc4 33. Ba2 Nxd6 34.
Bxc4 Nxc4 35. Rxa7 Rd2 36. b3 Ne5 37. Rf5 Neg4 38. Kg1 Rc2 39. Na4 b5 40. Nb6
g6 41. Rf3 Rc6 42. Nd7 Ne4 43. a4 bxa4 44. bxa4 h5 45. a5 Rc2 46. a6 h4 47. h3
Ng5 48. Ra3 Nxf2 49. Ra8+ Kg7 50. a7 Nfxh3+ 51. Kf1 Nf4 52. Rg8+ Kxg8 53. a8=Q+
Kh7 54. Nf6+ Kg7 55. Qg8+ Kxf6 56. Qd8+ Kf5 57. Ra5+ Ke4 58. Ra4+ Kf5 59. Ra5+
Ke4 60. Ra4+ Kf5 61. Qd7+ Nge6 62. Qxf7+ Kg5 63. Qe7+ Kf5 64. Qf7+ Kg5 65. Qe7+
Kh5 66. Ke1 h3 67. Kd1 Rg2 68. Ra5+ Kg4 69. Ra4 Kh5 70. Ra5+ Kg4 71. Ra4 Kh5
1/2-1/2

[Event "4NCL Division Two"]
[Site "Daventry, ENG"]
[Date "2022.10.22"]
[Round "1.57"]
[White "Forster, Matthew"]
[Black "Jaszkiwskyj, Peter"]
[Result "1-0"]
[WhiteElo "2049"]
[BlackElo "1874"]
[PlyCount "59"]
[EventDate "2022.10.22"]
[WhiteTeam "Sussex Martlets 1"]
[BlackTeam "The Rookies"]

1. d4 d5 2. c4 e6 3. Nf3 Nf6 4. e3 Be7 5. Nc3 O-O 6. Bd3 dxc4 7. Bxc4 c5 8. O-O a6 9. a4 Nc6 10. b3 Qc7 11. Qc2 b6 12. Rd1 Bb7 13. Bb2 Rfd8 14. dxc5 Bxc5 15. Ne4 Be7 16. Neg5 Nb4 17. Qe2 h6 18. Nh3 Ng4 19. Nf4 Bd6 20. Nxe6 Bxh2+ 21. Kf1 Rxd1+ 22. Rxd1 Qe7 23. Nxg7 Be5 24. Nf5 Qf6 25. Nxe5 Nxe5 26. Qh5 Kh7 27. Bxe5 Qxe5 28. Qxf7+ Kh8 29. Qxb7 Rg8 30. e4 1-0

[Event "4NCL Division Two"]
[Site "Daventry, ENG"]
[Date "2022.10.22"]
[Round "1.58"]
[White "Pyun, Lindsay"]
[Black "Graham, Cassie M"]
[Result "0-1"]
[WhiteElo "1532"]
[BlackElo "1983"]
[PlyCount "74"]
[EventDate "2022.10.22"]
[WhiteTeam "The Rookies"]
[BlackTeam "Sussex Martlets 1"]

1. e4 c5 2. Nf3 Nc6 3. d4 cxd4 4. Nxd4 g6 5. Nc3 Bg7 6. Be3 Nf6 7. f3 O-O 8. Qd2 d5 9. O-O-O dxe4 10. Nxc6 Qxd2+ 11. Rxd2 bxc6 12. Be2 Bf5 13. g4 exf3 14. gxf5 fxe2 15. fxg6 hxg6 16. Rxe2 Rfd8 17. Bc5 e6 18. Rf1 Rd7 19. Be3 Rb8 20. Bf4 Rb4 21. Be5 Ng4 22. Bxg7 Kxg7 23. Ne4 Nh6 24. Nc5 Rd5 25. Nd3 Ra4 26. a3 c5 27. Rg1 Nf5 28. Nf2 Rh4 29. Nd1 Nd4 30. Rf2 Rf5 31. Rgf1 Rxh2 32. Rxf5 Rxc2+ 33. Kb1 exf5 34. Ne3 Re2 35. Nc4 Re6 36. Rg1 f4 37. Nd2 Re2 0-1

[Event "4NCL Division Two"]
[Site "Daventry, ENG"]
[Date "2022.10.22"]
[Round "1.61"]
[White "Verma, Shlok"]
[Black "Price, Gwilym"]
[Result "1-0"]
[WhiteElo "2151"]
[BlackElo "2265"]
[PlyCount "103"]
[EventDate "2022.10.22"]
[WhiteTeam "KJCA Kings"]
[BlackTeam "The Sharks 2"]

1. d4 d6 2. c4 Nf6 3. Nc3 g6 4. e4 Bg7 5. Nge2 O-O 6. Ng3 e5 7. d5 a5 8. Be2
Na6 9. h4 h5 10. Bg5 Qe8 11. Qd2 Nc5 12. f3 Nh7 13. Be3 b6 14. O-O-O f5 15.
exf5 gxf5 16. f4 exf4 17. Bxf4 Nf6 18. Bh6 Qg6 19. Bxg7 Kxg7 20. Qg5 Qxg5+ 21.
hxg5 Nfe4 22. Ncxe4 Nxe4 23. Nxe4 fxe4 24. Bxh5 Bf5 25. Kd2 Bg6 26. Ke3 Rf5 27.
Bxg6 Kxg6 28. Rh6+ Kxg5 29. Rdh1 Rf7 30. Re6 Rg8 31. Rxe4 Rgf8 32. Rhh4 Rf5 33.
Reg4+ Kf6 34. Rh6+ Ke7 35. Rg7+ R8f7 36. Rxf7+ Rxf7 37. Re6+ Kf8 38. Re4 Rh7
39. Kd3 Rh1 40. Kc2 Rg1 41. Re2 Ra1 42. Kb3 Rc1 43. Rc2 Re1 44. Ka4 Ke7 45. Kb5
Kd7 46. Rf2 Rg1 47. b3 Ra1 48. g4 Rg1 49. Rf7+ Kd8 50. Kc6 a4 51. Rd7+ Ke8 52.
Rxc7 1-0

[Event "4NCL Division Two"]
[Site "Daventry, ENG"]
[Date "2022.10.22"]
[Round "1.63"]
[White "Skettos, Nicolas"]
[Black "Varnam, Liam D"]
[Result "1-0"]
[WhiteElo "2043"]
[BlackElo "2191"]
[PlyCount "71"]
[EventDate "2022.10.22"]
[WhiteTeam "KJCA Kings"]
[BlackTeam "The Sharks 2"]

1. e4 e5 2. Nf3 Nc6 3. d4 exd4 4. Nxd4 Nf6 5. Nc3 Bb4 6. Nxc6 bxc6 7. Bd3 d5 8. exd5 cxd5 9. O-O O-O 10. Bg5 c6 11. Qf3 Bd6 12. Rfe1 Rb8 13. b3 h6 14. Bf4 Rb4 15. Bxd6 Qxd6 16. h3 c5 17. Rad1 Bb7 18. Qg3 Qd7 19. a3 Rd4 20. Ne2 Rxd3 21. Qxd3 d4 22. Ng3 Qc6 23. f3 Nd5 24. Nf5 Qf6 25. Qe4 Kh8 26. Ne7 Rd8 27. Nxd5 Bxd5 28. Qe7 Qb6 29. Re5 c4 30. Rxd5 d3+ 31. Rc5 Rc8 32. b4 dxc2 33. Rc1 Rxc5 34. Qxc5 Qd8 35. Qxc4 Qd1+ 36. Qf1 1-0

[Event "4NCL Division Two"]
[Site "Daventry, ENG"]
[Date "2022.10.22"]
[Round "1.64"]
[White "Murphy, Hugh W"]
[Black "Bansal, Saahil"]
[Result "0-1"]
[WhiteElo "2194"]
[BlackElo "2058"]
[PlyCount "82"]
[EventDate "2022.10.22"]
[WhiteTeam "The Sharks 2"]
[BlackTeam "KJCA Kings"]

1. d4 Nf6 2. Nf3 e6 3. e3 d5 4. Bd3 Bd6 5. Nbd2 O-O 6. e4 dxe4 7. Nxe4 Nxe4 8. Bxe4 h6 9. Be3 Nd7 10. Qd2 f5 11. Bd3 f4 12. O-O-O fxe3 13. fxe3 Qe7 14. Kb1 e5 15. Bc4+ Kh8 16. Qe1 Nb6 17. Bb3 e4 18. Nh4 Rf6 19. c4 Bg4 20. Rc1 c5 21. dxc5 Bxc5 22. Qg3 Bh5 23. Qh3 Qd7 24. Rhe1 Qxh3 25. gxh3 Rf2 26. Rc2 Raf8 27. Ng2 g5 28. h4 Rxc2 29. Bxc2 Bf3 30. Rg1 Bxg2 31. hxg5 Bxe3 32. Rxg2 Rf1+ 33. Bd1 Rxd1+ 34. Kc2 Rc1+ 35. Kb3 hxg5 36. Re2 Nxc4 37. Kb4 Bf4 38. h4 gxh4 39. Rxe4 Bd6+ 40. Kb5 a6+ 41. Ka4 b5+ 0-1

[Event "4NCL Division Two"]
[Site "Daventry, ENG"]
[Date "2022.10.22"]
[Round "1.65"]
[White "Jakhria, Kushal"]
[Black "Dilley, Jason M"]
[Result "0-1"]
[WhiteElo "2063"]
[BlackElo "2182"]
[PlyCount "54"]
[EventDate "2022.10.22"]
[WhiteTeam "KJCA Kings"]
[BlackTeam "The Sharks 2"]

1. d4 d5 2. c4 c6 3. Nc3 Nf6 4. e3 g6 5. Nf3 Bg7 6. Be2 O-O 7. O-O b6 8. cxd5 cxd5 9. Bd2 Nc6 10. Rc1 Bb7 11. a3 Ne4 12. Bd3 Nxd2 13. Nxd2 e5 14. dxe5 Nxe5 15. Be2 d4 16. exd4 Qxd4 17. Nb3 Qh4 18. f4 Rfd8 19. Qe1 Qxe1 20. Rfxe1 Nd3 21. Bxd3 Rxd3 22. Re7 Ba6 23. Rc7 Bf8 24. Na1 Bd6 25. Rd7 Bc5+ 26. Kh1 Rxd7 27. Ne4 Re7 0-1

[Event "4NCL Division Two"]
[Site "Daventry, ENG"]
[Date "2022.10.22"]
[Round "1.66"]
[White "Birtwistle, Nigel"]
[Black "Young, Daniel J"]
[Result "1-0"]
[WhiteElo "2243"]
[BlackElo "1984"]
[PlyCount "67"]
[EventDate "2022.10.22"]
[WhiteTeam "The Sharks 2"]
[BlackTeam "KJCA Kings"]

1. e4 c5 2. c3 Nf6 3. e5 Nd5 4. d4 cxd4 5. Nf3 e6 6. cxd4 d6 7. Bc4 Nc6 8. O-O Be7 9. Qe2 O-O 10. Qe4 Bd7 11. Bb3 Na5 12. Bc2 f5 13. exf6 Nxf6 14. Qh4 Qb6 15. Nc3 Rac8 16. Re1 Nc6 17. d5 Nb4 18. Bb1 e5 19. Be3 Qa5 20. a3 Rxc3 21. bxc3 Nbxd5 22. Bd2 Qc7 23. c4 Nb6 24. Ba5 Qc6 25. c5 Qxc5 26. Bb4 Qc7 27. Nxe5 Nbd5 28. Nxd7 Qxd7 29. Ba2 Kh8 30. Bxd5 Nxd5 31. Qe4 Nxb4 32. Qxe7 Qxe7 33. Rxe7 Nd3 34. Rxb7 1-0

[Event "4NCL Division Two"]
[Site "Daventry, ENG"]
[Date "2022.10.22"]
[Round "1.67"]
[White "Verbytski, Oleg"]
[Black "Lentzos, Ioanis"]
[Result "0-1"]
[WhiteElo "1771"]
[BlackElo "2201"]
[PlyCount "70"]
[EventDate "2022.10.22"]
[WhiteTeam "KJCA Kings"]
[BlackTeam "The Sharks 2"]

1. e4 c6 2. d4 d5 3. Nc3 dxe4 4. Nxe4 Bf5 5. Ng3 Bg6 6. Nf3 Nd7 7. Bd3 e6 8. Bf4 Ngf6 9. O-O Be7 10. Re1 O-O 11. Bxg6 hxg6 12. c4 Qb6 13. Qe2 Rfe8 14. Rad1 Bb4 15. Bd2 a5 16. a3 Bxd2 17. Qxd2 a4 18. Ng5 Qb3 19. N5e4 Red8 20. Rc1 Qb6 21. Rc3 e5 22. dxe5 Nxe5 23. Nxf6+ gxf6 24. Qf4 Nd3 25. Qxf6 Nxe1 26. Nf5 Nf3+ 27. gxf3 gxf5 28. f4 Qd4 29. Qe7 Rd6 30. Rg3+ Rg6 31. Rxg6+ fxg6 32. Qxb7 Re8 33. Qxc6 Qd1+ 34. Kg2 Qg4+ 35. Kf1 Qh3+ 0-1

[Event "4NCL Division Two"]
[Site "Daventry, ENG"]
[Date "2022.10.22"]
[Round "1.68"]
[White "Volovich, Julia"]
[Black "Willow, Hambel M"]
[Result "1-0"]
[WhiteElo "2086"]
[BlackElo "1763"]
[PlyCount "89"]
[EventDate "2022.10.22"]
[WhiteTeam "The Sharks 2"]
[BlackTeam "KJCA Kings"]

1. d4 c6 2. c4 d5 3. Nf3 Nf6 4. Nc3 e6 5. Bg5 Be7 6. e3 Nbd7 7. cxd5 exd5 8. Qc2 Qa5 9. Bd3 Bb4 10. O-O h6 11. Bh4 O-O 12. Nd2 a6 13. a3 Bxc3 14. bxc3 Re8 15. c4 dxc4 16. Nxc4 Qh5 17. Bg3 c5 18. Nd6 Re7 19. Nf5 Re8 20. dxc5 Ne5 21. Nd6 Re7 22. Be2 Qg6 23. Qc3 Ne4 24. Nxe4 Qxe4 25. f3 Qf5 26. e4 Qf6 27. Rad1 Nc6 28. Qxf6 gxf6 29. Bc4 Be6 30. Bd5 Rc8 31. Bd6 Ree8 32. Kf2 Kg7 33. Rb1 f5 34. Rxb7 fxe4 35. fxe4 Bxd5 36. exd5 Ne5 37. Kg1 Nc4 38. Rfxf7+ Kg6 39. g4 Nxd6 40. cxd6 Rc1+ 41. Rf1 Rc2 42. Rf2 Re1+ 43. Kg2 Rc5 44. Rd2 Re5 45. d7 1-0

[Event "4NCL Division Two"]
[Site "Milton Keynes, ENG"]
[Date "2023.04.30"]
[Round "10.11"]
[White "Merry, Alan B"]
[Black "Cherniaev, Alexander"]
[Result "1-0"]
[WhiteElo "2434"]
[BlackElo "2509"]
[PlyCount "87"]
[EventDate "2023.04.30"]
[WhiteTeam "Barbican 4NCL"]
[BlackTeam "Barnet Knights A"]

1. d4 d6 2. e4 g6 3. Nc3 Bg7 4. g3 Nc6 5. d5 Nb8 6. Bg2 Nf6 7. Nge2 O-O 8. h3
c6 9. Be3 Nbd7 10. Qd2 Re8 11. b3 c5 12. O-O b6 13. a4 Ba6 14. Rfe1 Bxe2 15.
Nxe2 a6 16. g4 h5 17. g5 Nh7 18. Ra2 b5 19. c3 Nb6 20. a5 Nd7 21. f4 Nhf8 22.
h4 Qc7 23. Bf2 Rad8 24. Qc1 e6 25. dxe6 fxe6 26. f5 Be5 27. Nf4 Bxf4 28. Qxf4
Ne5 29. Rd1 Nfd7 30. Rad2 Nb8 31. Bh3 Nbc6 32. fxg6 Nxg6 33. Qf6 Qf7 34. Rxd6
Qxf6 35. gxf6 Kf7 36. Rxd8 Rxd8 37. Rxd8 Nxd8 38. Bxc5 Nxh4 39. Kf2 Nc6 40. b4
Ng6 41. Bd4 Nf4 42. Bf1 e5 43. Bc5 Ne6 44. Be7 1-0

[Event "4NCL Division Two"]
[Site "Milton Keynes, ENG"]
[Date "2023.04.30"]
[Round "10.12"]
[White "Rocco, Federico"]
[Black "Taylor, Martin R"]
[Result "1/2-1/2"]
[WhiteElo "2182"]
[BlackElo "2351"]
[PlyCount "125"]
[EventDate "2023.04.30"]
[WhiteTeam "Barnet Knights A"]
[BlackTeam "Barbican 4NCL"]

1. e4 e5 2. Nf3 Nc6 3. Bb5 Nf6 4. d3 Ne7 5. c3 c6 6. Ba4 Ng6 7. O-O Be7 8. Re1
O-O 9. Nbd2 Qc7 10. d4 d6 11. Nf1 d5 12. Nxe5 Nxe4 13. f3 Ng5 14. Ng3 Nxe5 15.
dxe5 f5 16. exf6 Bxf6 17. Bc2 Ne6 18. Nh5 Be5 19. g3 Bd6 20. f4 Nc5 21. b4 Ne4
22. Bb2 Qb6+ 23. Qd4 Qxd4+ 24. cxd4 Bg4 25. Nxg7 Kxg7 26. Bxe4 dxe4 27. d5+ Kf7
28. dxc6 bxc6 29. Rxe4 Bf3 30. Rd4 Bd5 31. f5 Be7 32. f6 Bxf6 33. Rf4 Ke7 34.
Re1+ Be6 35. Ba3 Kf7 36. b5 cxb5 37. Bxf8 Rxf8 38. g4 Rg8 39. h3 Rg6 40. Kh2 a6
41. a4 h6 42. Kg3 Bc4 43. axb5 axb5 44. Ra1 Kg8 45. Ra8+ Kh7 46. Re8 Bg5 47.
Rd4 Rg7 48. h4 Bf6 49. Rf4 Re7 50. Rxe7+ Bxe7 51. Rd4 Kg7 52. Rd7 Kf7 53. Rb7
b4 54. g5 hxg5 55. hxg5 b3 56. Kf4 Ke6 57. Ke3 Bd5 58. Rb6+ Ke5 59. Kd3 Bd8 60.
Rb5 Bxg5 61. Rxd5+ Kxd5 62. Kc3 b2 63. Kxb2 1/2-1/2

[Event "4NCL Division Two"]
[Site "Milton Keynes, ENG"]
[Date "2023.04.30"]
[Round "10.13"]
[White "Sowray, Peter J"]
[Black "Villiers, Thomas"]
[Result "1/2-1/2"]
[WhiteElo "2197"]
[BlackElo "2160"]
[PlyCount "40"]
[EventDate "2023.04.30"]
[WhiteTeam "Barbican 4NCL"]
[BlackTeam "Barnet Knights A"]

1. d4 Nf6 2. c4 a6 3. Nc3 b5 4. cxb5 axb5 5. Nxb5 e5 6. dxe5 Ne4 7. Qc2 Bb4+ 8.
Nc3 d5 9. e3 Bf5 10. Bd3 Nd7 11. Nf3 Ndc5 12. O-O Nxd3 13. Qxd3 Bxc3 14. Qb5+
Qd7 15. Qxd7+ Kxd7 16. bxc3 Nxc3 17. Bb2 Nxa2 18. Rfd1 Nb4 19. Bc3 Rxa1 20.
Rxa1 Rb8 1/2-1/2

[Event "4NCL Division Two"]
[Site "Milton Keynes, ENG"]
[Date "2023.04.30"]
[Round "10.14"]
[White "Stoica, Savas Marin"]
[Black "Pert, Nina"]
[Result "1/2-1/2"]
[WhiteElo "2249"]
[BlackElo "2150"]
[PlyCount "62"]
[EventDate "2023.04.30"]
[WhiteTeam "Barnet Knights A"]
[BlackTeam "Barbican 4NCL"]

1. Nf3 e6 2. g3 f5 3. Bg2 Nf6 4. O-O d6 5. c4 Be7 6. Nc3 O-O 7. d4 Ne4 8. Qc2
Nxc3 9. Qxc3 Bf6 10. Rd1 a5 11. h4 Qe7 12. Bg5 Bxg5 13. Nxg5 h6 14. Nf3 f4 15.
e4 c6 16. c5 dxc5 17. dxc5 Nd7 18. Ne5 Rf6 19. Nxd7 Bxd7 20. e5 Rf7 21. Rd6
Raf8 22. Rad1 Bc8 23. Qd4 g5 24. h5 g4 25. Be4 fxg3 26. fxg3 Qg5 27. Bg2 Qxh5
28. Rd8 Qg5 29. Rxf8+ Rxf8 30. Qe4 h5 31. Rf1 Rf5 1/2-1/2

[Event "4NCL Division Two"]
[Site "Milton Keynes, ENG"]
[Date "2023.04.30"]
[Round "10.15"]
[White "Brett, Andrew R"]
[Black "Josse, Mark"]
[Result "1/2-1/2"]
[WhiteElo "2085"]
[BlackElo "2160"]
[PlyCount "37"]
[EventDate "2023.04.30"]
[WhiteTeam "Barbican 4NCL"]
[BlackTeam "Barnet Knights A"]

1. d4 d5 2. c4 e6 3. Nc3 Nf6 4. cxd5 exd5 5. Bg5 Be7 6. e3 Nbd7 7. Bd3 h6 8.
Bh4 c6 9. Qc2 O-O 10. Nf3 Re8 11. O-O Ne4 12. Bxe7 Qxe7 13. Rae1 Kh8 14. Nd2
Ndf6 15. f3 Nxd2 16. Qxd2 Bd7 17. Bb1 c5 18. dxc5 Qxc5 19. Qd4 1/2-1/2